| 000 | 00570cam a2200169 a 4500 | ||
|---|---|---|---|
| 020 | _a9780670022199 | ||
| 040 | _cDLC | ||
| 082 | 0 | 0 | _a551 VIK 2011 A117 Or. |
| 100 | 1 | _aHohn, Donovan. | |
| 245 | 1 | 0 |
_aMoby-duck : _bthe true story of 28,800 bath toys lost at sea and of the beachcombers, oceanographers, environmentalists, and fools, including the author, who went in search of them / |
| 260 |
_aNew York : _bViking, _c2011. |
||
| 300 |
_a402 p. : _bmap ; _c24 cm. |
||
| 650 | 0 | _aOcean currents. | |
| 650 | 0 | _aMarine debris. | |
| 650 | 0 | _aPlastic toys. | |
| 942 | _cAEDBB | ||
| 999 |
_c17552 _d17552 |
||